[Event "Wch U20 Girls 29th"]
[Site "Chennai"]
[Date "2011.08.14"]
[Round "12"]
[White "Olenina, Aysa"]
[Black "Sithalatchumi, A."]
[Result "1-0"]
[WhiteElo "2094"]
[BlackElo "1939"]
[PlyCount "75"]
[EventDate "2011.08.02"]
[EventType "swiss"]
[EventRounds "13"]
[EventCountry "IND"]
[SourceTitle "CBM 143 Extra"]
[Source "ChessBase"]
[SourceDate "2011.08.29"]
[SourceVersion "1"]
[SourceVersionDate "2011.08.29"]
[SourceQuality "1"]

1. e4 e6 2. Qe2 c5 3. g3 Nc6 4. Nf3 g6 5. Bg2 Bg7 6. 0-0 Nge7 7. c3 0-0 8. Rd1 d5 9. d3 b5 10. Be3 d4 11. cxd4 cxd4 12. Bc1 e5 13. Nbd2 Bg4 14. b3 Qa5 15. a4 Bh6 16. h3 Bxf3 17. Nxf3 Bxc1 18. Rdxc1 Rfc8 19. Rc5 Qb4 20. Rxb5 Qc3 21. Qd1 a6 22. Rb7 Rab8 23. Rxb8 Rxb8 24. Rb1 f6 25. Bf1 Na5 26. Nd2 Nec6 27. Rc1 Qb4 28. h4 Nd8 29. Bh3 Ndb7 30. Be6+ Kh8 31. Qf3 Qe7 32. Bd5 Kg7 33. b4 Qxb4 34. Rc7+ Kh6 35. Qxf6 Qxd2 36. Qg7+ Kh5 37. Qxh7+ Qh6 38. g4+ 1-0

[Event "Wch U20 Girls 29th"]
[Site "Chennai"]
[Date "2011.08.11"]
[Round "9"]
[White "Sithalatchumi, A."]
[Black "Lasya, Goli"]
[Result "1/2-1/2"]
[WhiteElo "1939"]
[BlackElo "1898"]
[PlyCount "89"]
[EventDate "2011.08.02"]
[EventType "swiss"]
[EventRounds "13"]
[EventCountry "IND"]
[SourceTitle "CBM 143 Extra"]
[Source "ChessBase"]
[SourceDate "2011.08.29"]
[SourceVersion "1"]
[SourceVersionDate "2011.08.29"]
[SourceQuality "1"]

1. d4 d5 2. Nf3 Nf6 3. c4 c6 4. cxd5 cxd5 5. Nc3 Nc6 6. Bf4 Bf5 7. e3 Qb6 8. Bb5 a6 9. Bxc6+ bxc6 10. Qa4 Rc8 11. Qb3 Qa7 12. h3 e6 13. 0-0 c5 14. Qa4+ Nd7 15. Ne5 cxd4 16. exd4 f6 17. Nxd7 Qxd7 18. Qxa6 g5 19. Be3 Rb8 20. b3 h5 21. Qa4 Bd6 22. Rfc1 h4 23. f3 Rg8 24. Qxd7+ Kxd7 25. Na4 Bf4 26. Kf2 Kd6 27. Rc3 e5 28. Rd1 Rgc8 29. Ke2 Bd7 30. Rdc1 Bb5+ 31. Kd2 Re8 32. dxe5+ fxe5 33. Bxf4 exf4 34. Kd1 Re3 35. Rxe3 fxe3 36. Nc3 d4 37. Nxb5+ Rxb5 38. Ke2 Rc5 39. Rxc5 Kxc5 40. a3 Kd5 41. Kd3 Kc5 42. Ke2 Kd5 43. Kd3 Kc5 44. Ke2 Kb5 45. Kd3 1/2-1/2

[Event "Wch U20 Girls 29th"]
[Site "Chennai"]
[Date "2011.08.03"]
[Round "2"]
[White "Saranya, J."]
[Black "Sithalatchumi, A."]
[Result "1-0"]
[WhiteElo "2121"]
[BlackElo "1939"]
[PlyCount "172"]
[EventDate "2011.08.02"]
[EventType "swiss"]
[EventRounds "13"]
[EventCountry "IND"]
[SourceTitle "CBM 143 Extra"]
[Source "ChessBase"]
[SourceDate "2011.08.29"]
[SourceVersion "1"]
[SourceVersionDate "2011.08.29"]
[SourceQuality "1"]

1. e4 e6 2. Nf3 d5 3. Nc3 Nf6 4. e5 Nfd7 5. d4 c5 6. dxc5 Nc6 7. Bf4 a6 8. a3 Bxc5 9. Bd3 Be7 10. h4 Nc5 11. Qd2 f5 12. exf6 Bxf6 13. 0-0-0 Qa5 14. Bd6 Bd7 15. Bxc5 Qxc5 16. Na4 Qa7 17. Ng5 Ne5 18. Nc3 h6 19. Nf3 Nxf3 20. Bg6+ Kd8 21. gxf3 Qc5 22. Ne4 Qe7 23. Qa5+ Kc8 24. Nc5 Qd8 25. Qxd8+ Rxd8 26. Bf7 b6 27. Nxe6 Bxe6 28. Bxe6+ Kb8 29. Bxd5 Ra7 30. h5 b5 31. b3 Be7 32. Kb2 Bf6+ 33. Ka2 Re7 34. Be4 Red7 35. Bd3 Rd5 36. Rde1 Ka7 37. Re4 Kb6 38. a4 Rd4 39. Rhe1 b4 40. Re6+ R8d6 41. Re8 a5 42. Ra8 R4d5 43. Ree8 Bd8 44. Ra6+ Kb7 45. Rxd6 Rxd6 46. Re5 Kb6 47. Kb1 Rc6 48. Rd5 Bc7 49. Rb5+ Ka7 50. Be4 Rc3 51. Rb7+ Ka6 52. Kc1 Be5 53. Kd1 Bc7 54. Rb5 Bb6 55. Rf5 Rc5 56. Rf7 Rc7 57. Rf5 Rc5 58. Bd5 Ka7 59. f4 Rc7 60. Bc4 Rc5 61. Rf7+ Rc7 62. Rf5 Rc5 63. Bd5 Rc7 64. Bf3 Rc5 65. Rf8 Bc7 66. Rf7 Kb6 67. Rxg7 Bxf4 68. Rf7 Bg5 69. Be2 Rc7 70. Rf8 Rc5 71. f4 Bh4 72. f5 Rd5+ 73. Bd3 Rd6 74. Ke2 Bg5 75. Kf3 Kc5 76. Ra8 Bd8 77. Ke4 Bc7 78. Rc8 Kb6 79. Rf8 Kc5 80. f6 Re6+ 81. Kf5 Re3 82. f7 Kd6 83. Rd8+ Bxd8 84. f8Q+ Be7 85. Qxh6+ Kd7 86. Qxe3 Ke8 1-0

[Event "IND-chB (Women) 38th"]
[Site "Chennai"]
[Date "2011.07.10"]
[Round "11"]
[White "Bakshi, Rutuja"]
[Black "Sithalatchumi, A."]
[Result "1/2-1/2"]
[WhiteElo "1803"]
[BlackElo "1939"]
[PlyCount "95"]
[EventDate "2011.07.02"]
[EventType "swiss"]
[EventRounds "11"]
[EventCountry "IND"]
[SourceTitle "CBM 143 Extra"]
[Source "ChessBase"]
[SourceDate "2011.08.29"]
[SourceVersion "1"]
[SourceVersionDate "2011.08.29"]
[SourceQuality "1"]

1. d4 d5 2. Nf3 Nf6 3. e3 Bf5 4. c4 e6 5. Qb3 Qc8 6. Nc3 c6 7. Ne5 Nbd7 8. f4 Bd6 9. Be2 h5 10. 0-0 Ne4 11. Qd1 g6 12. Bd2 f6 13. Nf3 Qc7 14. Rc1 Nxc3 15. Bxc3 Be4 16. Bd3 Bxf3 17. Qxf3 f5 18. Be1 Qd8 19. b4 g5 20. b5 Qf6 21. Bg3 g4 22. Qe2 c5 23. dxc5 Bxc5 24. Be1 d4 25. Bf2 0-0-0 26. e4 fxe4 27. Qxe4 e5 28. Bg3 exf4 29. Bxf4 Qg7 30. Qd5 Qg8 31. Bf5 Qxd5 32. cxd5 b6 33. Kh1 Kb7 34. Bg5 Rdg8 35. Bxd7 Rxg5 36. Bc6+ Kb8 37. Rf7 Rf8 38. Rb7+ Kc8 39. Rxa7 Rf2 40. Ra8+ Kc7 41. Ra7+ Kb8 42. Ra8+ Kc7 43. Ra7+ Kb8 44. Rb7+ Kc8 45. d6 Bxd6 46. Rxb6 Rc5 47. Re1 Re2 48. Rf1 1/2-1/2

[Event "IND-chB (Women) 38th"]
[Site "Chennai"]
[Date "2011.07.08"]
[Round "9"]
[White "Nandhidhaa, PV."]
[Black "Sithalatchumi, A."]
[Result "1/2-1/2"]
[WhiteElo "2101"]
[BlackElo "1939"]
[PlyCount "124"]
[EventDate "2011.07.02"]
[EventType "swiss"]
[EventRounds "11"]
[EventCountry "IND"]
[SourceTitle "CBM 143 Extra"]
[Source "ChessBase"]
[SourceDate "2011.08.29"]
[SourceVersion "1"]
[SourceVersionDate "2011.08.29"]
[SourceQuality "1"]

1. e4 e6 2. d4 d5 3. e5 c5 4. c3 Nc6 5. Nf3 Nh6 6. a3 f6 7. Be2 Nf7 8. exf6 gxf6 9. 0-0 cxd4 10. cxd4 Bg7 11. Nc3 0-0 12. Be3 b6 13. Re1 Bb7 14. Rc1 Rc8 15. Bd3 Nd6 16. Bf4 Qd7 17. Bb1 Rce8 18. Qd3 f5 19. Ne5 Nxe5 20. Bxe5 Nc4 21. Bxg7 Qxg7 22. Re2 f4 23. f3 e5 24. Rce1 Ne3 25. dxe5 Rxe5 26. Qd4 Rg5 27. Qxg7+ Rxg7 28. Rd2 Rc8 29. Ba2 Kh8 30. g4 d4 31. Nb5 Bxf3 32. h3 d3 33. Rxd3 h5 34. Nd4 hxg4 35. Nxf3 gxf3+ 36. Kf2 Rg3 37. Bb3 Rxh3 38. Rg1 Nf5 39. Rg5 Re8 40. Bd1 Nh4 41. Bxf3 Rh2+ 42. Kf1 Nxf3 43. Rxf3 Rc8 44. Kg1 Rh4 45. Rf5 Rc1+ 46. Kg2 Rc2+ 47. Rf2 Rh2+ 48. Kxh2 Rxf2+ 49. Kg1 Rxb2 50. Rxf4 Kg7 51. Kf1 Rd2 52. Ke1 Rd5 53. Ke2 Kg6 54. Ke3 Kg5 55. Rd4 Ra5 56. a4 Kf5 57. Kd3 Ke5 58. Rh4 Rc5 59. Rh7 Ra5 60. Rh5+ Kd6 61. Rxa5 bxa5 62. Kd4 a6 1/2-1/2

[Event "IND-chB (Women) 38th"]
[Site "Chennai"]
[Date "2011.07.07"]
[Round "8"]
[White "Sithalatchumi, A."]
[Black "Bala, Kannamma P"]
[Result "1/2-1/2"]
[WhiteElo "1939"]
[BlackElo "1931"]
[PlyCount "92"]
[EventDate "2011.07.02"]
[EventType "swiss"]
[EventRounds "11"]
[EventCountry "IND"]
[SourceTitle "CBM 143 Extra"]
[Source "ChessBase"]
[SourceDate "2011.08.29"]
[SourceVersion "1"]
[SourceVersionDate "2011.08.29"]
[SourceQuality "1"]

1. d4 Nf6 2. c4 e6 3. Nc3 Bb4 4. e3 0-0 5. Bd3 d5 6. Nge2 dxc4 7. Bxc4 b6 8. a3 Be7 9. 0-0 Bb7 10. b4 Nbd7 11. Bb2 c5 12. b5 Rc8 13. Ba2 Qc7 14. Rc1 Rfd8 15. Nf4 Nf8 16. Qe2 Qb8 17. dxc5 Rxc5 18. Na4 Rxc1 19. Rxc1 Ng6 20. Nh5 Ne4 21. Rd1 Bf8 22. f3 Rxd1+ 23. Qxd1 Nd6 24. Qa1 Ne8 25. Qd1 Qd6 26. Qxd6 Nxd6 27. Nc3 Nf5 28. Kf2 Bc5 29. Nd1 e5 30. Ng3 Nxg3 31. hxg3 Kf8 32. Ke2 f6 33. Nf2 Ke7 34. Nd3 Bd6 35. e4 Nf8 36. a4 Nd7 37. Bc3 Nc5 38. Nxc5 Bxc5 39. g4 Kd6 40. Bg8 h6 41. Kd3 Bc8 42. Kc4 a6 43. Bd5 axb5+ 44. axb5 Bd7 45. Bd2 Be8 46. Bc1 Bd7 1/2-1/2

[Event "IND-chB (Women) 38th"]
[Site "Chennai"]
[Date "2011.07.06"]
[Round "7"]
[White "Taraswinee, B."]
[Black "Sithalatchumi, A."]
[Result "0-1"]
[WhiteElo "1771"]
[BlackElo "1939"]
[PlyCount "90"]
[EventDate "2011.07.02"]
[EventType "swiss"]
[EventRounds "11"]
[EventCountry "IND"]
[SourceTitle "CBM 143 Extra"]
[Source "ChessBase"]
[SourceDate "2011.08.29"]
[SourceVersion "1"]
[SourceVersionDate "2011.08.29"]
[SourceQuality "1"]

1. e4 e6 2. d4 d5 3. exd5 exd5 4. Bd3 Bd6 5. Ne2 Nc6 6. c3 Nge7 7. h3 Bf5 8. Bxf5 Nxf5 9. Qb3 0-0 10. Qxd5 Qd7 11. Bf4 Rfe8 12. Nd2 Qe7 13. 0-0 Nfxd4 14. Nxd4 Bxf4 15. N2f3 Qf6 16. Nxc6 bxc6 17. Qc4 Rab8 18. b3 Bd6 19. Rfe1 c5 20. Qa4 Rxe1+ 21. Rxe1 Qxc3 22. Qxa7 Rd8 23. Qa4 g6 24. Qe4 Qb2 25. Qe2 Qa3 26. Ng5 Qb4 27. Ne4 Bf4 28. g3 Be5 29. Nxc5 Bxg3 30. fxg3 Qxc5+ 31. Qf2 Qc3 32. Rf1 f5 33. Qf3 Rd3 34. Kg2 Rxf3 35. Rxf3 Qc2+ 36. Rf2 Qe4+ 37. Kg1 g5 38. Kh2 f4 39. gxf4 gxf4 40. Rb2 f3 41. Rf2 Qf4+ 42. Kg1 Qe3 43. h4 Qe1+ 44. Kh2 Qxf2+ 45. Kh3 Qg2# 0-1

[Event "IND-chB (Women) 38th"]
[Site "Chennai"]
[Date "2011.07.04"]
[Round "4"]
[White "Sithalatchumi, A."]
[Black "Smaraki, Mohanty"]
[Result "1-0"]
[WhiteElo "1939"]
[BlackElo "1754"]
[PlyCount "83"]
[EventDate "2011.07.02"]
[EventType "swiss"]
[EventRounds "11"]
[EventCountry "IND"]
[SourceTitle "CBM 143 Extra"]
[Source "ChessBase"]
[SourceDate "2011.08.29"]
[SourceVersion "1"]
[SourceVersionDate "2011.08.29"]
[SourceQuality "1"]

1. d4 Nf6 2. c4 e6 3. Nc3 c5 4. e3 d6 5. Nf3 Nbd7 6. Bd3 b6 7. 0-0 Bb7 8. b3 Be7 9. Bb2 0-0 10. Qe2 cxd4 11. exd4 d5 12. Ne5 Nb8 13. Rfd1 Nc6 14. Rac1 Rc8 15. Bb1 Ba6 16. Qf3 Qd6 17. Nb5 Bxb5 18. cxb5 Nb8 19. g4 Rxc1 20. Rxc1 Nfd7 21. Nc6 Nxc6 22. bxc6 Nf6 23. g5 Ne4 24. Bxe4 dxe4 25. Qxe4 Bxg5 26. Rc3 Bf6 27. Rh3 h6 28. b4 b5 29. a4 a6 30. axb5 axb5 31. Bc1 Qxd4 32. Qxd4 Bxd4 33. Rd3 Bb6 34. Bf4 g5 35. Bg3 f5 36. Be5 Rf7 37. Ra3 Kf8 38. Ra6 Bd8 39. Ra8 Ke7 40. Ra7+ Ke8 41. Rb7 Rf8 42. Rxb5 1-0

[Event "IND-chB (Women) 38th"]
[Site "Chennai"]
[Date "2011.07.03"]
[Round "2"]
[White "Sithalatchumi, A."]
[Black "Salini, R."]
[Result "0-1"]
[WhiteElo "1939"]
[BlackElo "1795"]
[PlyCount "113"]
[EventDate "2011.07.02"]
[EventType "swiss"]
[EventRounds "11"]
[EventCountry "IND"]
[SourceTitle "CBM 143 Extra"]
[Source "ChessBase"]
[SourceDate "2011.08.29"]
[SourceVersion "1"]
[SourceVersionDate "2011.08.29"]
[SourceQuality "1"]

1. d4 g6 2. c4 Bg7 3. Nc3 e6 4. e4 Ne7 5. Nf3 d5 6. Be2 dxe4 7. Nxe4 Nbc6 8. Bg5 f5 9. Nf6+ Kf7 10. Ne5+ Nxe5 11. dxe5 Qxd1+ 12. Rxd1 Nc6 13. f4 h6 14. Bh4 Rd8 15. 0-0 Nd4 16. Kf2 Bxf6 17. Bxf6 Rd7 18. c5 Nxe2 19. Kxe2 Rd5 20. Rxd5 exd5 21. Ke3 Bd7 22. Kd4 Ke6 23. h3 c6 24. g4 Kf7 25. Rg1 Rg8 26. Rg3 fxg4 27. hxg4 h5 28. Rb3 Bc8 29. gxh5 gxh5 30. Bg5 Ke6 31. Rh3 Rh8 32. Bf6 Rh7 33. Rg3 Kf5 34. Ke3 d4+ 35. Kf3 h4 36. Rg5+ Ke6 37. Ke4 h3 38. f5+ Kf7 39. Rg1 h2 40. Rh1 Rh5 41. Bd8 Bxf5+ 42. Kf4 d3 43. Ba5 Ke6 44. Bc3 Kd5 45. Kg3 Rh7 46. b3 Ke4 47. Re1+ Kd5 48. Rh1 Rh3+ 49. Kg2 d2 50. Bxd2 Rd3 51. Bf4 Be4+ 52. Kxh2 Bxh1 53. Kxh1 Rf3 54. Bh2 Rf2 55. a3 Rf3 56. b4 Rxa3 57. Kg2 0-1

[Event "IND-chT (Women) 9th"]
[Site "Cochin"]
[Date "2011.02.24"]
[Round "3"]
[White "Sithalatchumi, A."]
[Black "Meenu, Rajendran"]
[Result "1-0"]
[WhiteElo "1917"]
[BlackElo "1986"]
[PlyCount "87"]
[EventDate "2011.02.22"]
[EventType "team-swiss"]
[EventRounds "7"]
[EventCountry "IND"]
[SourceTitle "CBM 141 Extra"]
[Source "ChessBase"]
[SourceDate "2011.05.03"]
[SourceVersion "1"]
[SourceVersionDate "2011.05.03"]
[SourceQuality "1"]
[WhiteTeam "MNC (W)"]
[BlackTeam "Kerala State (W)"]
[WhiteTeamCountry "IND"]
[BlackTeamCountry "IND"]

1. d4 e6 2. Nf3 Nf6 3. Bf4 c5 4. e3 Nc6 5. c3 d5 6. Bd3 Bd6 7. Ne5 Qc7 8. Nxc6 bxc6 9. Bg3 cxd4 10. cxd4 Bd7 11. Nc3 Rb8 12. Qe2 Bxg3 13. hxg3 c5 14. dxc5 Qxc5 15. g4 Qb4 16. g5 Ne4 17. Bxe4 dxe4 18. 0-0-0 Ke7 19. Rd4 Qb7 20. Rhd1 Bc6 21. R1d2 Rhc8 22. Kd1 Rc7 23. Qg4 Rbc8 24. Qf4 Bd5 25. Rxd5 exd5 26. Nxd5+ Ke8 27. Nxc7+ Rxc7 28. Qd6 Qc8 29. Qe5+ Kf8 30. Qxe4 g6 31. Qd4 Rc1+ 32. Ke2 Qa6+ 33. Kf3 Kg8 34. Qf6 Qc6+ 35. e4 Qxf6+ 36. gxf6 h5 37. Rd8+ Kh7 38. Rd7 a5 39. Rxf7+ Kh6 40. Ra7 Rc5 41. Ke3 g5 42. Kd4 Rb5 43. e5 Kg6 44. f7 1-0

[Event "IND-ch (Women) 37th"]
[Site "Bhubaneswar"]
[Date "2011.01.04"]
[Round "10"]
[White "Sithalatchumi, A."]
[Black "Rathore, Sonakshi"]
[Result "0-1"]
[WhiteElo "1917"]
[BlackElo "1971"]
[PlyCount "70"]
[EventDate "2010.12.25"]
[EventType "swiss"]
[EventRounds "11"]
[EventCountry "IND"]
[SourceTitle "CBM 140 Extra"]
[Source "ChessBase"]
[SourceDate "2011.03.01"]
[SourceVersion "1"]
[SourceVersionDate "2011.03.01"]
[SourceQuality "1"]

1. d4 Nf6 2. Nf3 e6 3. c3 b6 4. Bg5 Be7 5. Nbd2 Bb7 6. e3 c5 7. Bd3 d6 8. Qe2 Nc6 9. e4 cxd4 10. cxd4 h6 11. Bh4 g5 12. d5 exd5 13. Bg3 Nb4 14. e5 Nxd3+ 15. Qxd3 Ne4 16. Nxe4 dxe4 17. Qb5+ Qd7 18. Nd4 d5 19. Rc1 Bc5 20. Qxd7+ Kxd7 21. Nf5 Bb4+ 22. Ke2 Ba6+ 23. Ke3 Bc5+ 24. Kd2 d4 25. a3 Ke6 26. Ng7+ Kd5 27. b4 e3+ 28. fxe3 dxe3+ 29. Kc2 Bd4 30. Rhd1 Rhc8+ 31. Kb3 Bc4+ 32. Rxc4 Rxc4 33. Nf5 e2 34. Rd2 Rc3+ 35. Ka2 Rxg3 0-1

[Event "IND-ch (Women) 37th"]
[Site "Bhubaneswar"]
[Date "2011.01.02"]
[Round "8"]
[White "Sithalatchumi, A."]
[Black "Kiran, Manisha Mohanty"]
[Result "1/2-1/2"]
[WhiteElo "1917"]
[BlackElo "2230"]
[PlyCount "141"]
[EventDate "2010.12.25"]
[EventType "swiss"]
[EventRounds "11"]
[EventCountry "IND"]
[SourceTitle "CBM 140 Extra"]
[Source "ChessBase"]
[SourceDate "2011.03.01"]
[SourceVersion "1"]
[SourceVersionDate "2011.03.01"]
[SourceQuality "1"]

1. d4 Nf6 2. c4 g6 3. Nc3 d5 4. cxd5 Nxd5 5. e4 Nxc3 6. bxc3 Bg7 7. Bc4 c5 8. Ne2 0-0 9. 0-0 Nc6 10. Be3 Bd7 11. Rc1 Rc8 12. Qd2 Qa5 13. d5 Ne5 14. Bb3 Qa6 15. f4 Nc4 16. Qd3 Nxe3 17. Qxe3 c4 18. Bc2 Qxa2 19. e5 Qa5 20. Be4 Qc5 21. Nd4 b5 22. Kh1 a5 23. Qe2 e6 24. dxe6 fxe6 25. Qg4 Qe7 26. Ra1 a4 27. Rab1 Rb8 28. Bc6 Rb6 29. Bxd7 Qxd7 30. Rfd1 Rfb8 31. Nf3 Qf7 32. Ng5 Qf5 33. Qh4 h6 34. Nf3 Bf8 35. Ra1 a3 36. Nd4 Qf7 37. Nc2 Ra6 38. Ra2 Kg7 39. h3 Be7 40. Qg4 Qf5 41. Qf3 Ra7 42. Nd4 Qf7 43. Nc6 Rbb7 44. Nxa7 Rxa7 45. Qc6 Qxf4 46. Qxb5 h5 47. Qb6 Ra8 48. Qxe6 Bh4 49. Qd7+ Kh6 50. Qc6 Rd8 51. Rda1 Be7 52. Qc7 Qh4 53. Rf1 Rd3 54. Qc8 Bd8 55. Rxa3 Re3 56. Ra8 Re1 57. Ra1 Rxe5 58. Rad1 Re8 59. Qd7 Qe4 60. Qd2+ Bg5 61. Qd4 Qe2 62. h4 Be3 63. Qd7 Bc5 64. Rf7 Be7 65. Qd2+ Qxd2 66. Rxd2 Bxh4 67. Kh2 Be1 68. Rd4 Bxc3 69. Rxc4 Re3 70. Rf3 Be5+ 71. Kg1 1/2-1/2

[Event "IND-ch (Women) 37th"]
[Site "Bhubaneswar"]
[Date "2010.12.30"]
[Round "6"]
[White "Sithalatchumi, A."]
[Black "Preethi, Rajkumar"]
[Result "1-0"]
[WhiteElo "1917"]
[BlackElo "2073"]
[PlyCount "115"]
[EventDate "2010.12.25"]
[EventType "swiss"]
[EventRounds "11"]
[EventCountry "IND"]
[SourceTitle "CBM 140 Extra"]
[Source "ChessBase"]
[SourceDate "2011.03.01"]
[SourceVersion "1"]
[SourceVersionDate "2011.03.01"]
[SourceQuality "1"]

1. d4 Nf6 2. Nf3 b6 3. Bg5 Ne4 4. Bf4 Bb7 5. Nbd2 Nxd2 6. Qxd2 e6 7. e3 Be7 8. Bd3 g5 9. Bg3 f5 10. 0-0-0 d6 11. Qe2 Rf8 12. h3 Nd7 13. e4 f4 14. Bh2 Rf7 15. Bc4 Nf8 16. g3 fxg3 17. Bxg3 Qd7 18. d5 exd5 19. exd5 0-0-0 20. Nd4 Bf6 21. Ne6 Re7 22. Bb5 c6 23. Nxf8 Rxf8 24. Qc4 Re4 25. dxc6 Bxb2+ 26. Kb1 Rxc4 27. cxd7+ Kd8 28. Bxc4 Bxh1 29. Rxh1 Be5 30. Bxe5 dxe5 31. Re1 Kxd7 32. Rxe5 h6 33. Re2 Rf4 34. Be6+ Kc6 35. Bg4 Kd5 36. Kb2 a5 37. a3 b5 38. Rd2+ Kc5 39. f3 b4 40. a4 Rf8 41. Rd7 Rb8 42. Ra7 Kd4 43. Rxa5 Ke3 44. Rb5 Rh8 45. Rxb4 h5 46. Be6 Kxf3 47. a5 Kg3 48. Bd5 Rd8 49. Bb7 Kxh3 50. a6 g4 51. a7 g3 52. Bf3 Rf8 53. Bh1 h4 54. Rb8 Rxb8+ 55. axb8Q Kh2 56. Be4 h3 57. c4 Kg1 58. Qxg3+ 1-0

[Event "IND-ch (Women) 37th"]
[Site "Bhubaneswar"]
[Date "2010.12.29"]
[Round "5"]
[White "Pujari, Rucha"]
[Black "Sithalatchumi, A."]
[Result "1-0"]
[WhiteElo "2114"]
[BlackElo "1917"]
[PlyCount "75"]
[EventDate "2010.12.25"]
[EventType "swiss"]
[EventRounds "11"]
[EventCountry "IND"]
[SourceTitle "CBM 140 Extra"]
[Source "ChessBase"]
[SourceDate "2011.03.01"]
[SourceVersion "1"]
[SourceVersionDate "2011.03.01"]
[SourceQuality "1"]

1. d4 d5 2. Nf3 Nf6 3. g3 e6 4. Bg2 Be7 5. 0-0 0-0 6. c4 dxc4 7. Qc2 Bd7 8. Qxc4 Bc6 9. Bf4 Nbd7 10. Nc3 Nh5 11. Bd2 Nhf6 12. Rfd1 Nb6 13. Qd3 Bb4 14. Ne5 Bxg2 15. Kxg2 c5 16. dxc5 Bxc5 17. Qf3 Qe7 18. Bg5 h6 19. Bxf6 gxf6 20. Nd3 f5 21. Nxc5 Qxc5 22. Qxb7 Rab8 23. Qf3 Nc4 24. Na4 Qb5 25. b3 Ne5 26. Qf4 Ng6 27. Qf3 Ne5 28. Qc3 Rfc8 29. Qb2 Ng4 30. Rac1 Qb7+ 31. Kg1 Qe4 32. Nc5 Qb4 33. Nd7 Rxc1 34. Qxc1 Re8 35. h3 Nxf2 36. Kxf2 Kg7 37. Qc5 Qb7 38. Qe5+ 1-0

[Event "IND-chB (Women)"]
[Site "Shilpgram"]
[Date "2010.08.26"]
[Round "9"]
[White "Sithalatchumi, A."]
[Black "Saranya, J."]
[Result "1-0"]
[WhiteElo "1954"]
[BlackElo "2123"]
[PlyCount "109"]
[EventDate "2010.08.20"]
[EventType "swiss"]
[EventRounds "11"]
[EventCountry "IND"]
[SourceTitle "CBM 138 Extra"]
[Source "ChessBase"]
[SourceDate "2010.10.29"]
[SourceVersion "1"]
[SourceVersionDate "2010.10.29"]
[SourceQuality "1"]

1. f4 Nf6 2. Nf3 g6 3. b3 Bg7 4. Bb2 d5 5. e3 b6 6. Be2 Bb7 7. 0-0 0-0 8. h3 c5 9. d3 Nc6 10. Nbd2 d4 11. e4 Nh5 12. Nh2 Ng3 13. Rf3 Nxe2+ 14. Qxe2 f5 15. exf5 Rxf5 16. Ne4 Qd5 17. Raf1 Raf8 18. R1f2 h6 19. Nf1 R5f7 20. g4 Nd8 21. Nfg3 Bc8 22. Qf1 Nc6 23. Bc1 Nb4 24. a3 Nc6 25. Bd2 b5 26. f5 Ne5 27. Rf4 g5 28. R4f3 Nxf3+ 29. Rxf3 Bb7 30. Be1 Be5 31. Nh5 c4 32. bxc4 bxc4 33. h4 cxd3 34. cxd3 Qa2 35. Rf2 Qxa3 36. hxg5 Bxe4 37. dxe4 hxg5 38. Bd2 Bf6 39. Re2 d3 40. Rh2 Bd4+ 41. Kh1 Qa1 42. Qxa1 Bxa1 43. Bxg5 Rb8 44. Rd2 Rb1+ 45. Kg2 Rb2 46. Kf3 Rxd2 47. Bxd2 Rf8 48. Nf4 Ra8 49. Nd5 Kf7 50. g5 Rh8 51. g6+ Kg7 52. Bf4 e6 53. fxe6 Kxg6 54. Bd6 Bd4 55. Bc5 1-0

[Event "IND-ch (Women)"]
[Site "Chennai"]
[Date "2009.12.09"]
[Round "8"]
[White "Savetha, CH."]
[Black "Sithalatchumi, A."]
[Result "1/2-1/2"]
[WhiteElo "1986"]
[BlackElo "1877"]
[PlyCount "91"]
[EventDate "2009.12.02"]
[EventType "swiss"]
[EventRounds "11"]
[EventCountry "IND"]
[SourceTitle "EXT 2011"]
[Source "ChessBase"]
[SourceDate "2010.11.26"]
[SourceVersion "1"]
[SourceVersionDate "2010.11.26"]
[SourceQuality "1"]

1. e4 e6 2. d4 d5 3. Nc3 Bb4 4. e5 c5 5. a3 Bxc3+ 6. bxc3 Qc7 7. Nf3 Ne7 8. h4 b6 9. h5 h6 10. Bd3 Ba6 11. Bxa6 Nxa6 12. Qd3 Nb8 13. Rb1 Nd7 14. Nh4 Rc8 15. Kd1 cxd4 16. cxd4 Qc4 17. Rh3 Qxd3+ 18. Rxd3 g5 19. Nf3 f6 20. Bb2 fxe5 21. dxe5 Nc5 22. Rd2 Nc6 23. Nh2 Na5 24. f3 Nc4 25. Rf2 0-0 26. Ng4 Kg7 27. Bc1 Rf5 28. Ne3 Nxe3+ 29. Bxe3 Rf7 30. Rb4 Rcc7 31. Rg4 Kh7 32. g3 Rf5 33. Bd4 Rcf7 34. Ke2 Nd7 35. f4 gxf4 36. Rgxf4 Rxf4 37. Rxf4 Rxf4 38. gxf4 Kg8 39. Kf3 Nb8 40. Kg4 Nc6 41. c3 Ne7 42. a4 Kf7 43. Bf2 Nf5 44. Kf3 Ke8 45. Kg4 Kf7 46. Kf3 1/2-1/2

[Event "IND-ch (Women)"]
[Site "Chennai"]
[Date "2009.12.08"]
[Round "7"]
[White "Sithalatchumi, A."]
[Black "Swati, Mohota"]
[Result "1-0"]
[WhiteElo "1877"]
[BlackElo "2077"]
[PlyCount "115"]
[EventDate "2009.12.02"]
[EventType "swiss"]
[EventRounds "11"]
[EventCountry "IND"]
[SourceTitle "EXT 2011"]
[Source "ChessBase"]
[SourceDate "2010.11.26"]
[SourceVersion "1"]
[SourceVersionDate "2010.11.26"]
[SourceQuality "1"]

1. d4 d5 2. Nf3 Nf6 3. c4 c6 4. cxd5 cxd5 5. Nc3 Nc6 6. Bf4 a6 7. a3 Ne4 8. Rc1 e6 9. e3 Qa5 10. Nd2 Nxd2 11. Qxd2 Be7 12. Bd3 0-0 13. 0-0 Bd7 14. Qe2 Rfc8 15. Nb1 b5 16. b4 Qb6 17. Nd2 a5 18. bxa5 Rxa5 19. Nb3 Rxa3 20. Nc5 Be8 21. Qg4 Na7 22. Be5 g6 23. h4 b4 24. h5 f5 25. hxg6 Bxg6 26. Qh3 Qc6 27. g4 Rc3 28. gxf5 exf5 29. Rxc3 bxc3 30. Kh2 Rf8 31. Rg1 Bd6 32. Rxg6+ hxg6 33. Qh8+ Kf7 34. Qf6+ Ke8 35. Qxg6+ Rf7 36. Bxd6 Kd8 37. Qxf7 Qxd6+ 38. Kg2 Qe7 39. Qxe7+ Kxe7 40. Na4 Ke6 41. Nxc3 Nc6 42. Nxd5 Kxd5 43. Bxf5 Nb4 44. Kf3 Na2 45. Bh7 Nc3 46. Bg8+ Kd6 47. e4 Nb5 48. Ke3 Ke7 49. Bc4 Nd6 50. Bd3 Nc8 51. d5 Nb6 52. Kd4 Kd6 53. e5+ Ke7 54. Bb5 Nc8 55. Kc5 Kd8 56. d6 Na7 57. e6 Nc8 58. Ba4 1-0

[Event "IND-ch (Women)"]
[Site "Chennai"]
[Date "2009.12.07"]
[Round "6"]
[White "Akshaya, A."]
[Black "Sithalatchumi, A."]
[Result "1/2-1/2"]
[WhiteElo "1916"]
[BlackElo "1877"]
[PlyCount "96"]
[EventDate "2009.12.02"]
[EventType "swiss"]
[EventRounds "11"]
[EventCountry "IND"]
[SourceTitle "EXT 2011"]
[Source "ChessBase"]
[SourceDate "2010.11.26"]
[SourceVersion "1"]
[SourceVersionDate "2010.11.26"]
[SourceQuality "1"]

1. e4 e6 2. Qe2 c5 3. f4 Nc6 4. Nf3 g6 5. g3 Bg7 6. e5 d6 7. exd6 Qxd6 8. Bg2 Nge7 9. 0-0 0-0 10. d3 Nf5 11. Nc3 Nfd4 12. Nxd4 Nxd4 13. Qd1 f5 14. Ne2 Rb8 15. c3 Nc6 16. Qc2 Rd8 17. Rd1 b6 18. Be3 Ba6 19. Nc1 Ne7 20. Qf2 Nd5 21. Bf1 Nxe3 22. Qxe3 e5 23. fxe5 Bxe5 24. Ne2 Re8 25. Qf2 Bg7 26. Nf4 Rbd8 27. Rd2 Bh6 28. Rad1 Qe7 29. Re2 Qf7 30. b3 Rxe2 31. Bxe2 Bg7 32. d4 Bxe2 33. Nxe2 Qe7 34. Qf3 cxd4 35. cxd4 Re8 36. Kf1 Qe4 37. Qxe4 Rxe4 38. Nc3 Rxd4 39. Rxd4 Bxd4 40. Nb5 Bc5 41. Nxa7 Kf7 42. Ke2 Ke6 43. Nb5 Ke5 44. h3 g5 45. Kf3 h5 46. a3 g4+ 47. hxg4 fxg4+ 48. Kg2 Be7 1/2-1/2